[Event "BL2-West 2122"]
[Site "Germany"]
[Date "2022.07.03"]
[Round "10.7"]
[White "Malykin, Vitaly"]
[Black "Seifert, Christopher"]
[Result "1/2-1/2"]
[WhiteElo "2333"]
[BlackElo "2317"]
[PlyCount "49"]
[EventDate "2022.03.05"]
[EventType "team-tourn"]
[EventRounds "10"]
[EventCountry "GER"]
[SourceTitle "EXT 2023"]
[Source "ChessBase"]
[SourceDate "2022.10.05"]
[SourceVersion "1"]
[SourceVersionDate "2022.10.05"]
[SourceQuality "1"]
[WhiteTeam "Koeln Porz"]
[BlackTeam "Neuberg"]
[WhiteTeamCountry "GER"]
[BlackTeamCountry "GER"]

1. Nf3 g6 2. e4 Bg7 3. d4 c6 4. Bd3 d6 5. 0-0 Bg4 6. c3 e5 7. Nbd2 Ne7 8. Qb3 Qc7 9. Bc4 0-0 10. dxe5 Bxe5 11. Nxe5 dxe5 12. h3 Bd7 13. a4 Na6 14. Qa3 Rae8 15. Nf3 Kg7 16. Be3 Nc8 17. Bxa6 bxa6 18. Bc5 Rg8 19. Rad1 f6 20. a5 Be6 21. b4 Rd8 22. Qc1 Nd6 23. Qe3 Nc4 24. Qe2 Kf7 25. Rfe1 1/2-1/2

[Event "BL2-West 1920"]
[Site "Germany"]
[Date "2019.12.08"]
[Round "4.7"]
[White "Malykin, Vitaly"]
[Black "Dardha, Arben"]
[Result "1/2-1/2"]
[WhiteElo "2344"]
[BlackElo "2292"]
[PlyCount "21"]
[EventDate "2019.09.19"]
[EventType "team-tourn"]
[EventRounds "9"]
[EventCountry "GER"]
[SourceTitle "EXT 2023"]
[Source "ChessBase"]
[SourceDate "2022.10.05"]
[SourceVersion "1"]
[SourceVersionDate "2022.10.05"]
[SourceQuality "1"]
[WhiteTeam "Koeln Porz"]
[BlackTeam "Aachen DJK"]
[WhiteTeamCountry "GER"]
[BlackTeamCountry "GER"]

1. Nf3 c5 2. c4 Nc6 3. Nc3 Nf6 4. e3 d5 5. cxd5 Nxd5 6. Bb5 Nxc3 7. bxc3 Qc7 8. 0-0 a6 9. Be2 e6 10. Ba3 Qa5 11. Qb3 1/2-1/2

[Event "Oberliga NRW 1819"]
[Site "Germany"]
[Date "2019.05.12"]
[Round "9"]
[White "Malykin, Vitaly"]
[Black "Kaehmann, Joerg"]
[Result "1/2-1/2"]
[WhiteElo "2359"]
[BlackElo "2184"]
[PlyCount "58"]
[EventDate "2018.09.16"]
[EventType "team-tourn"]
[EventRounds "9"]
[EventCountry "GER"]
[SourceTitle "EXT 2020"]
[Source "ChessBase"]
[SourceDate "2019.10.17"]
[SourceVersion "1"]
[SourceVersionDate "2019.10.17"]
[SourceQuality "1"]
[WhiteTeam "Koeln Porz"]
[BlackTeam "Wattenscheid"]
[WhiteTeamCountry "GER"]
[BlackTeamCountry "GER"]

1. Nf3 d6 2. d4 g6 3. e4 Bg7 4. Bc4 Nf6 5. Qe2 0-0 6. e5 dxe5 7. dxe5 Nd5 8. h3 c6 9. 0-0 Qc7 10. Re1 Nd7 11. Nc3 N7b6 12. Nxd5 Nxd5 13. Qe4 Bf5 14. Qh4 Rad8 15. Bh6 f6 16. Bxg7 Kxg7 17. exf6+ exf6 18. Nd4 Bc8 19. c3 Rf7 20. Rad1 Re7 21. Rxe7+ Qxe7 22. Nf3 Be6 23. Re1 Qd7 24. Qd4 a6 25. Ng5 Bg8 26. Ne4 Qe7 27. Rd1 Re8 28. Ng3 Qe5 29. Qxe5 Rxe5 1/2-1/2

[Event "Oberliga NRW 1819"]
[Site "Germany"]
[Date "2018.10.14"]
[Round "2.5"]
[White "Bonnmann, Reinhard"]
[Black "Malykin, Vitaly"]
[Result "0-1"]
[WhiteElo "2247"]
[BlackElo "2359"]
[PlyCount "72"]
[EventDate "2018.09.16"]
[EventType "team-tourn"]
[EventRounds "9"]
[EventCountry "GER"]
[SourceTitle "EXT 2020"]
[Source "ChessBase"]
[SourceDate "2019.10.17"]
[SourceVersion "1"]
[SourceVersionDate "2019.10.17"]
[SourceQuality "1"]
[WhiteTeam "Koeln SF"]
[BlackTeam "Koeln Porz"]
[WhiteTeamCountry "GER"]
[BlackTeamCountry "GER"]

1. d4 d5 2. c4 c6 3. Nf3 Nf6 4. e3 e6 5. Bd3 Nbd7 6. Nbd2 b6 7. 0-0 Bb7 8. e4 dxe4 9. Nxe4 Be7 10. Qe2 0-0 11. Rd1 Qc7 12. Bg5 Rfe8 13. Bh4 c5 14. Bg3 Qc6 15. d5 exd5 16. cxd5 Nxd5 17. Bb5 Qe6 18. Qd3 Red8 19. Bc4 Nf8 20. Neg5 Qg6 21. Qxg6 Nxg6 22. Rd2 h6 23. Nxf7 Kxf7 24. Rad1 Bf6 25. Rxd5 Rxd5 26. Rxd5 Ke8 27. Kf1 Bxd5 28. Bxd5 Rd8 29. Bc6+ Kf7 30. b3 Ne7 31. Bb5 Nd5 32. Nd2 Nc3 33. Bc4+ Kf8 34. Bf4 b5 35. Be2 Bg5 36. Bxg5 hxg5 0-1

[Event "BL2-West 1718"]
[Site "Germany"]
[Date "2018.01.21"]
[Round "5.5"]
[White "Scholz, Christian"]
[Black "Malykin, Vitaly"]
[Result "1-0"]
[WhiteElo "2375"]
[BlackElo "2384"]
[PlyCount "115"]
[EventDate "2017.10.08"]
[EventType "team-tourn"]
[EventRounds "9"]
[EventCountry "GER"]
[SourceTitle "CBM 183 Extra"]
[Source "ChessBase"]
[SourceDate "2018.04.19"]
[SourceVersion "1"]
[SourceVersionDate "2018.04.19"]
[SourceQuality "1"]
[WhiteTeam "Dortmund Hansa"]
[BlackTeam "Koeln Porz"]
[WhiteTeamCountry "GER"]
[BlackTeamCountry "GER"]

1. d4 g6 2. e4 Bg7 3. c4 d6 4. Nc3 Nf6 5. Be2 0-0 6. Nf3 Nbd7 7. Bg5 h6 8. Bh4 c5 9. d5 g5 10. Bg3 Nh5 11. Qd2 Ndf6 12. e5 Nh7 13. Bd3 Nxg3 14. hxg3 dxe5 15. Bxh7+ Kxh7 16. Qxg5 Qd6 17. Ne4 Qg6 18. Qe3 Kg8 19. Nxc5 Qb6 20. 0-0 Bf5 21. Nh4 Bh7 22. b3 Rac8 23. Na4 Qxe3 24. fxe3 Bd3 25. Nf5 Rc7 26. Rf2 b5 27. cxb5 e4 28. Rd1 Be5 29. b6 axb6 30. Nxb6 Kh7 31. Nc4 Bxc4 32. bxc4 e6 33. dxe6 fxe6 34. Nd4 Rxf2 35. Kxf2 Rxc4 36. Rd2 Bxd4 37. exd4 Rc3 38. Re2 Ra3 39. Rxe4 Rxa2+ 40. Kf3 Rd2 41. Ke3 Rxg2 42. Kf4 Kg7 43. Rxe6 h5 44. Re3 Kf6 45. Ke4 Rh2 46. Kd5 Rh3 47. Kd6 Kf5 48. d5 Kg4 49. Ke5 h4 50. Re4+ Kxg3 51. d6 Kf2 52. d7 Rd3 53. Rd4 Rxd4 54. Kxd4 h3 55. d8Q h2 56. Qh4+ Kg2 57. Ke3 h1Q 58. Qg4+ 1-0

[Event "Oberliga NRW 1617"]
[Site "Germany"]
[Date "2017.05.21"]
[Round "9.1"]
[White "Hort, Vlastimil"]
[Black "Malykin, Vitaly"]
[Result "1/2-1/2"]
[WhiteElo "2421"]
[BlackElo "2393"]
[PlyCount "27"]
[EventDate "2016.09.25"]
[EventType "team-tourn"]
[EventRounds "9"]
[EventCountry "GER"]
[SourceTitle "EXT 2020"]
[Source "ChessBase"]
[SourceDate "2019.10.17"]
[SourceVersion "1"]
[SourceVersionDate "2019.10.17"]
[SourceQuality "1"]
[WhiteTeam "Oberhausen"]
[BlackTeam "Koeln Porz II"]
[WhiteTeamCountry "GER"]
[BlackTeamCountry "GER"]

1. e4 g6 2. d4 Bg7 3. Nf3 d6 4. c4 Nf6 5. Nc3 0-0 6. Be2 Nbd7 7. h3 c6 8. 0-0 e5 9. Re1 exd4 10. Nxd4 Re8 11. Bf3 Ne5 12. Be2 Ned7 13. Bf3 Ne5 14. Be2 1/2-1/2

[Event "BL2-West 1617"]
[Site "Germany"]
[Date "2017.01.15"]
[Round "4.7"]
[White "Harff, Marcel"]
[Black "Malykin, Vitaly"]
[Result "0-1"]
[WhiteElo "2356"]
[BlackElo "2384"]
[PlyCount "90"]
[EventDate "2016.10.16"]
[EventType "team-tourn"]
[EventRounds "9"]
[EventCountry "GER"]
[SourceTitle "EXT 2018"]
[Source "ChessBase"]
[SourceDate "2017.10.13"]
[SourceVersion "1"]
[SourceVersionDate "2017.10.13"]
[SourceQuality "1"]
[WhiteTeam "Duesseldorf"]
[BlackTeam "Koeln Porz"]
[WhiteTeamCountry "GER"]
[BlackTeamCountry "GER"]

1. c4 c6 2. Nf3 d5 3. e3 Nf6 4. Nc3 e6 5. d4 Nbd7 6. Qc2 b6 7. cxd5 exd5 8. Bd3 Be7 9. 0-0 0-0 10. b3 Bb7 11. Bb2 Rc8 12. Rac1 Re8 13. Rfd1 Bd6 14. Qe2 b5 15. Bf5 Qe7 16. Nb1 Rcd8 17. Nbd2 b4 18. Re1 a5 19. Qd1 Ne4 20. Nxe4 dxe4 21. Nd2 Nf6 22. Nc4 Bc8 23. Bxc8 Rxc8 24. d5 Nxd5 25. Qd4 f6 26. Nxa5 Bxh2+ 27. Kh1 Qf7 28. Kxh2 Qc7+ 29. Kg1 Qxa5 30. Rc5 Qxa2 31. Ra1 Qxb3 32. Ra7 Re6 33. Rd7 Rce8 34. Ra5 R8e7 35. Rd8+ Kf7 36. Qd2 Qd3 37. Qc1 Nc3 38. Rxd3 Ne2+ 39. Kf1 Nxc1 40. Rd8 Nd3 41. Bd4 c5 42. Bxc5 Rc7 43. Ra7 Rec6 44. Rd7+ Rxd7 45. Rxd7+ Ke8 0-1

[Event "Oberliga NRW 1617"]
[Site "Germany"]
[Date "2016.12.11"]
[Round "4.2"]
[White "Savchenko, Aleksij"]
[Black "Malykin, Vitaly"]
[Result "1/2-1/2"]
[WhiteElo "2270"]
[BlackElo "2393"]
[PlyCount "32"]
[EventDate "2016.09.25"]
[EventType "team-tourn"]
[EventRounds "9"]
[EventCountry "GER"]
[SourceTitle "EXT 2020"]
[Source "ChessBase"]
[SourceDate "2019.10.17"]
[SourceVersion "1"]
[SourceVersionDate "2019.10.17"]
[SourceQuality "1"]
[WhiteTeam "Wuppertal Bahn"]
[BlackTeam "Koeln Porz II"]
[WhiteTeamCountry "GER"]
[BlackTeamCountry "GER"]

1. d4 d5 2. Nf3 Nf6 3. e3 Bf5 4. Be2 c6 5. b3 e6 6. Ne5 Bb4+ 7. Bd2 Bxd2+ 8. Nxd2 h6 9. Bd3 Bxd3 10. cxd3 Nbd7 11. Ndf3 0-0 12. 0-0 a5 13. Qd2 Nxe5 14. Nxe5 Ne8 15. a4 Nd6 16. Rfe1 f6 1/2-1/2

[Event "Oberliga NRW 1516"]
[Site "Germany"]
[Date "2016.03.06"]
[Round "7.1"]
[White "Malykin, Vitaly"]
[Black "Haub, Thorsten Michael"]
[Result "1/2-1/2"]
[WhiteElo "2365"]
[BlackElo "2333"]
[PlyCount "85"]
[EventDate "2015.09.27"]
[EventType "team-tourn"]
[EventRounds "9"]
[EventCountry "GER"]
[SourceTitle "EXT 2017"]
[Source "ChessBase"]
[SourceDate "2016.10.25"]
[SourceVersion "1"]
[SourceVersionDate "2016.10.25"]
[SourceQuality "1"]
[WhiteTeam "Koeln Porz II"]
[BlackTeam "Plettenberg"]
[WhiteTeamCountry "GER"]
[BlackTeamCountry "GER"]

1. Nf3 g6 2. e4 Bg7 3. d4 d6 4. Bc4 a6 5. Qe2 Nc6 6. c3 e5 7. dxe5 dxe5 8. 0-0 h6 9. h3 Qf6 10. Nh2 g5 11. Ng4 Qg6 12. Ne3 Nge7 13. Nd2 0-0 14. Nd5 Nxd5 15. Bxd5 Nd8 16. Nf3 Ne6 17. Re1 Bf6 18. b4 Nf4 19. Bxf4 gxf4 20. Kh2 Kh8 21. g4 fxg3+ 22. fxg3 Qh5 23. Ng1 Qxe2+ 24. Rxe2 c6 25. Bb3 Be7 26. Nf3 f6 27. Nh4 Kg7 28. g4 Rd8 29. Nf5+ Kf8 30. Nxh6 a5 31. bxa5 Rd3 32. Nf5 Rxc3 33. Rf1 Bc5 34. g5 fxg5 35. Rd2 Bxf5 36. Rxf5+ Kg7 37. Rxg5+ Kh6 38. Rxe5 Rxa5 39. Re6+ Kg5 40. e5 Be3 41. Rd7 Bf4+ 42. Kg2 Rxe5 43. Rxe5+ 1/2-1/2

[Event "Oberliga NRW 1415"]
[Site "Germany"]
[Date "2015.04.26"]
[Round "9.3"]
[White "Kern, Guido"]
[Black "Malykin, Vitaly"]
[Result "1/2-1/2"]
[WhiteElo "2295"]
[BlackElo "2370"]
[PlyCount "47"]
[EventDate "2014.09.14"]
[EventType "team-tourn"]
[EventRounds "9"]
[EventCountry "GER"]
[SourceTitle "EXT 2017"]
[Source "ChessBase"]
[SourceDate "2016.10.25"]
[SourceVersion "1"]
[SourceVersionDate "2016.10.25"]
[SourceQuality "1"]
[WhiteTeam "Dinslaken"]
[BlackTeam "Koeln Porz II"]
[WhiteTeamCountry "GER"]
[BlackTeamCountry "GER"]

1. Nf3 d5 2. d4 Nf6 3. c4 c6 4. cxd5 cxd5 5. Nc3 Nc6 6. Bf4 Ne4 7. e3 Nxc3 8. bxc3 g6 9. Ne5 Bg7 10. Bb5 Bd7 11. Bxc6 Bxc6 12. Nxc6 bxc6 13. Qa4 Qd7 14. 0-0 0-0 15. c4 Rad8 16. Rab1 c5 17. Qxd7 Rxd7 18. dxc5 e5 19. Bg3 Rc8 20. Rfd1 Rxc5 21. Rb8+ Bf8 22. Bxe5 Rxc4 23. h3 f5 24. Rd2 1/2-1/2

[Event "GER CupT sf2"]
[Site "Nordhorn"]
[Date "2015.03.21"]
[Round "3.2"]
[White "Schulz, Jens"]
[Black "Malykin, Vitaly"]
[Result "0-1"]
[WhiteElo "2215"]
[BlackElo "2388"]
[PlyCount "62"]
[EventDate "2015.03.21"]
[EventType "team-k.o."]
[EventRounds "2"]
[EventCountry "GER"]
[SourceTitle "EXT 2019"]
[Source "ChessBase"]
[SourceDate "2018.10.10"]
[SourceVersion "1"]
[SourceVersionDate "2018.10.10"]
[SourceQuality "1"]
[WhiteTeam "Nordhorn Blanke"]
[BlackTeam "Koeln Porz"]
[WhiteTeamCountry "GER"]
[BlackTeamCountry "GER"]

1. e4 g6 2. Nc3 Bg7 3. f4 d6 4. Nf3 e5 5. Bc4 exf4 6. d3 g5 7. g3 g4 8. Nh4 f3 9. 0-0 Be6 10. Nd5 Nc6 11. Nf5 Bxf5 12. exf5 h5 13. h4 Bh6 14. Qe1+ Kf8 15. Bxh6+ Rxh6 16. Qe3 Nce7 17. Rae1 Nxd5 18. Bxd5 c6 19. Bb3 Qf6 20. Qf4 Ne7 21. Bxf7 Kxf7 22. Re6 Nxf5 23. Rxf6+ Rxf6 24. Kf2 Re8 25. Re1 Rxe1 26. Kxe1 Ne3 27. Qxe3 Re6 28. Kf2 Rxe3 29. Kxe3 Ke6 30. Kf2 b5 31. Ke3 Kd5 0-1

[Event "Oberliga NRW 1415"]
[Site "Germany"]
[Date "2015.03.01"]
[Round "7.3"]
[White "Straeter, Timo"]
[Black "Malykin, Vitaly"]
[Result "1/2-1/2"]
[WhiteElo "2284"]
[BlackElo "2370"]
[PlyCount "52"]
[EventDate "2014.09.14"]
[EventType "team-tourn"]
[EventRounds "9"]
[EventCountry "GER"]
[SourceTitle "EXT 2017"]
[Source "ChessBase"]
[SourceDate "2016.10.25"]
[SourceVersion "1"]
[SourceVersionDate "2016.10.25"]
[SourceQuality "1"]
[WhiteTeam "Wattenscheid"]
[BlackTeam "Koeln Porz II"]
[WhiteTeamCountry "GER"]
[BlackTeamCountry "GER"]

1. d4 e6 2. c4 f5 3. g3 Nf6 4. Bg2 d5 5. Qc2 Nc6 6. Nf3 Be7 7. 0-0 0-0 8. a3 a5 9. Nc3 Ne4 10. Bf4 g5 11. cxd5 exd5 12. Be5 g4 13. Ne1 Nxe5 14. dxe5 c6 15. Nd3 Be6 16. Na4 Rc8 17. f3 Ng5 18. Nac5 b6 19. Nxe6 Nxe6 20. fxg4 fxg4 21. Rxf8+ Bxf8 22. Nf4 Nd4 23. Qd3 Qg5 24. e3 Nf3+ 25. Bxf3 gxf3 26. e6 Qe5 1/2-1/2

[Event "BL2-West 1415"]
[Site "Germany"]
[Date "2014.09.21"]
[Round "1.8"]
[White "Sherif, Amina"]
[Black "Malykin, Vitaly"]
[Result "0-1"]
[WhiteElo "1880"]
[BlackElo "2388"]
[PlyCount "42"]
[EventDate "2014.09.21"]
[EventType "team-tourn"]
[EventRounds "9"]
[EventCountry "GER"]
[SourceTitle "CBM 166 Extra"]
[Source "ChessBase"]
[SourceDate "2015.06.18"]
[SourceVersion "1"]
[SourceVersionDate "2015.06.18"]
[SourceQuality "1"]
[WhiteTeam "Solingen II"]
[BlackTeam "Koeln Porz"]
[WhiteTeamCountry "GER"]
[BlackTeamCountry "GER"]

1. e4 g6 2. d4 Bg7 3. Nc3 d6 4. f4 a6 5. Be2 Nd7 6. Nf3 b5 7. a3 Bb7 8. 0-0 c5 9. d5 Qc7 10. h3 Ngf6 11. Bd3 0-0 12. Be3 e6 13. dxe6 fxe6 14. Nd2 d5 15. Bf2 c4 16. Be2 dxe4 17. Qe1 Nd5 18. Ndxe4 Nxf4 19. Rd1 Bxc3 20. Nxc3 Bxg2 21. Bg4 Bxh3 0-1

[Event "Oberliga NRW 1415"]
[Site "Germany"]
[Date "2014.09.14"]
[Round "1.2"]
[White "Malykin, Vitaly"]
[Black "Wacker, Peter"]
[Result "1-0"]
[WhiteElo "2370"]
[BlackElo "2295"]
[PlyCount "71"]
[EventDate "2014.09.14"]
[EventType "team-tourn"]
[EventRounds "9"]
[EventCountry "GER"]
[SourceTitle "EXT 2017"]
[Source "ChessBase"]
[SourceDate "2016.10.25"]
[SourceVersion "1"]
[SourceVersionDate "2016.10.25"]
[SourceQuality "1"]
[WhiteTeam "Koeln Porz II"]
[BlackTeam "Koeln SF"]
[WhiteTeamCountry "GER"]
[BlackTeamCountry "GER"]

1. Nf3 f5 2. d4 Nf6 3. g3 g6 4. Bg2 Bg7 5. 0-0 0-0 6. b3 d6 7. Bb2 c6 8. c4 Na6 9. Nbd2 Qe8 10. Qc2 Nh5 11. Rfe1 f4 12. e4 fxe3 13. Rxe3 Bf5 14. Qd1 Bh6 15. Re1 Qd7 16. Ne4 Bg4 17. Qd3 Rae8 18. Neg5 Bf5 19. Qc3 Bg7 20. Nh4 e5 21. Nxf5 Qxf5 22. Qd2 Bh6 23. h4 Nf6 24. Ba3 exd4 25. Bxd6 Rxe1+ 26. Rxe1 Re8 27. Rxe8+ Nxe8 28. Qxd4 Nxd6 29. Qxd6 Bxg5 30. hxg5 Qxg5 31. Qe6+ Kg7 32. Qd7+ Kh6 33. Qxb7 Qa5 34. Qxa7 c5 35. Qe7 Qxa2 36. Qf8+ 1-0

[Event "Oberliga NRW 1314"]
[Site "Germany"]
[Date "2014.04.06"]
[Round "8.3"]
[White "Malykin, Vitaly"]
[Black "Van Foreest, Jorden"]
[Result "1/2-1/2"]
[WhiteElo "2321"]
[BlackElo "2349"]
[PlyCount "81"]
[EventDate "2013.09.15"]
[EventType "team-tourn"]
[EventRounds "9"]
[EventCountry "GER"]
[SourceTitle "EXT 2015"]
[Source "ChessBase"]
[SourceDate "2014.11.20"]
[SourceVersion "1"]
[SourceVersionDate "2014.11.20"]
[SourceQuality "1"]
[WhiteTeam "Koeln Porz II"]
[BlackTeam "Emsdetten Turm II"]
[WhiteTeamCountry "GER"]
[BlackTeamCountry "GER"]

1. Nf3 d5 2. d4 Nf6 3. c4 c6 4. Nc3 dxc4 5. e4 b5 6. Qc2 Bg4 7. a4 b4 8. Ne2 e6 9. Be3 Nbd7 10. Ne5 Nxe5 11. dxe5 Nd7 12. f3 Bh5 13. Nf4 Bg6 14. 0-0-0 Qc7 15. h4 Bc5 16. Bxc5 Nxc5 17. h5 Qxe5 18. g3 Bxe4 19. fxe4 c3 20. Nd3 Nxd3+ 21. Bxd3 0-0 22. h6 g6 23. Qf2 Rad8 24. b3 Rd7 25. Qf4 Qxf4+ 26. gxf4 Rfd8 27. Bc2 f5 28. Rxd7 Rxd7 29. Rd1 Rxd1+ 30. Kxd1 Kf7 31. Ke2 Kf6 32. e5+ Kf7 33. Ke3 a5 34. Bd1 Ke7 35. Kd4 Kf7 36. Kd3 Ke7 37. Ke3 Kf7 38. Bc2 Ke7 39. Bb1 Kf8 40. Kf3 Kf7 41. Bc2 1/2-1/2

[Event "BL2-West 1314"]
[Site "Germany"]
[Date "2014.02.23"]
[Round "7.8"]
[White "Tkachuk, Sergij"]
[Black "Malykin, Vitaly"]
[Result "1/2-1/2"]
[WhiteElo "200"]
[BlackElo "2382"]
[PlyCount "54"]
[EventDate "2013.10.13"]
[EventType "team-tourn"]
[EventRounds "9"]
[EventCountry "GER"]
[SourceTitle "EXT 2015"]
[Source "ChessBase"]
[SourceDate "2014.11.20"]
[SourceVersion "1"]
[SourceVersionDate "2014.11.20"]
[SourceQuality "1"]
[WhiteTeam "Bochum 31"]
[BlackTeam "Koeln Porz"]
[WhiteTeamCountry "GER"]
[BlackTeamCountry "GER"]

1. e4 g6 2. d4 Bg7 3. f4 c5 4. dxc5 Qa5+ 5. c3 Qxc5 6. Bd3 d6 7. Qe2 Nf6 8. Be3 Qc7 9. Nf3 Nc6 10. Na3 0-0 11. Nb5 Qb8 12. a4 a6 13. Nbd4 Bd7 14. 0-0 Qc7 15. Kh1 e5 16. fxe5 Nxe5 17. Nxe5 dxe5 18. Nb3 Be6 19. Nc5 Bg4 20. Qc2 Rad8 21. h3 Bc8 22. a5 Nh5 23. Kh2 Nf4 24. Bc4 Qe7 25. Nd3 Nxd3 26. Bxd3 Be6 27. b4 Qh4 1/2-1/2

[Event "Oberliga NRW 1213"]
[Site "Germany"]
[Date "2013.04.28"]
[Round "9.3"]
[White "Malykin, Vitaly"]
[Black "Zwirs, Nico"]
[Result "1/2-1/2"]
[WhiteElo "2340"]
[BlackElo "2248"]
[PlyCount "94"]
[EventDate "2012.09.16"]
[EventType "team-tourn"]
[EventRounds "9"]
[EventCountry "GER"]
[SourceTitle "EXT 2017"]
[Source "ChessBase"]
[SourceDate "2016.10.25"]
[SourceVersion "1"]
[SourceVersionDate "2016.10.25"]
[SourceQuality "1"]
[WhiteTeam "Koeln Porz II"]
[BlackTeam "Muelheim Nord II"]
[WhiteTeamCountry "GER"]
[BlackTeamCountry "GER"]

1. Nf3 Nf6 2. c4 g6 3. Nc3 Bg7 4. e4 d6 5. d4 0-0 6. Be2 e5 7. 0-0 Nc6 8. d5 Ne7 9. Nd2 a5 10. a3 Bd7 11. Rb1 a4 12. b4 axb3 13. Rxb3 b6 14. a4 Ne8 15. Ra3 f5 16. Bb2 Nf6 17. Qc2 fxe4 18. Ncxe4 Nf5 19. Rfa1 Nd4 20. Qd1 Nxe4 21. Nxe4 Qh4 22. f3 Bf5 23. g3 Qe7 24. Bd3 Bh6 25. Bxd4 exd4 26. a5 bxa5 27. Rxa5 Be3+ 28. Kg2 Rae8 29. R1a2 Rf7 30. c5 Bxe4 31. Bxe4 dxc5 32. Qd3 Kg7 33. Rc2 Rb8 34. Rb5 Rb6 35. Rcxc5 Ra6 36. Ra5 Rxa5 37. Rxa5 Qb4 38. Ra2 Qe1 39. Qf1 Qc3 40. Rc2 Qb3 41. h4 Re7 42. Rc6 Qb2+ 43. Kh3 Qf2 44. Qb1 Bf4 45. gxf4 Rxe4 46. Rxc7+ Kh6 47. Qxe4 Qf1+ 1/2-1/2

[Event "BL2-West 1213"]
[Site "Germany"]
[Date "2013.02.24"]
[Round "7.7"]
[White "De Groote, Ewoud"]
[Black "Malykin, Vitaly"]
[Result "1-0"]
[WhiteElo "2320"]
[BlackElo "2382"]
[PlyCount "119"]
[EventDate "2012.10.14"]
[EventType "team-tourn"]
[EventRounds "9"]
[EventCountry "GER"]
[SourceTitle "CBM 154 Extra"]
[Source "ChessBase"]
[SourceDate "2013.06.25"]
[SourceVersion "2"]
[SourceVersionDate "2013.06.25"]
[SourceQuality "1"]
[WhiteTeam "Bochum SV"]
[BlackTeam "Koeln Porz"]
[WhiteTeamCountry "GER"]
[BlackTeamCountry "GER"]

1. e4 g6 2. d4 Bg7 3. Nc3 d6 4. Be3 a6 5. Qd2 b5 6. h4 h6 7. a4 b4 8. Nd1 Nf6 9. f3 a5 10. c3 bxc3 11. bxc3 Nbd7 12. Bb5 Bb7 13. Ne2 c6 14. Bd3 e5 15. Ng3 h5 16. Bg5 Qc7 17. Ne2 d5 18. 0-0 0-0 19. Nf2 Rfe8 20. Rab1 c5 21. exd5 Nxd5 22. Be4 N7b6 23. c4 Nb4 24. Bxb7 Qxb7 25. dxc5 Nxa4 26. Ne4 Qc6 27. Qd6 Re6 28. Qxc6 Rxc6 29. Be3 f5 30. N4c3 Nxc5 31. Nd5 Nxd5 32. cxd5 Rcc8 33. Rb6 Kh7 34. Rc1 Nd3 35. Rd1 e4 36. fxe4 fxe4 37. Rb7 Kg8 38. Nd4 Rab8 39. Ra7 Nb2 40. Ne6 Be5 41. Rf1 Nc4 42. Bf4 Ra8 43. Rd7 Bb2 44. Rb1 Bf6 45. Bg5 Be5 46. Rbb7 Nd6 47. Rg7+ Bxg7 48. Rxg7+ Kh8 49. Rd7 Nf5 50. Nf4 Ra6 51. Ne6 Rd6 52. Bf6+ Kg8 53. Rb7 Rxd5 54. Ng5 e3 55. Rh7 Rc1+ 56. Kh2 Rh1+ 57. Kxh1 Ng3+ 58. Kh2 Rxg5 59. Rg7+ Kf8 60. hxg5 1-0

[Event "Oberliga NRW 1213"]
[Site "Germany"]
[Date "2012.12.16"]
[Round "4.2"]
[White "Malykin, Vitaly"]
[Black "Koch, Thomas"]
[Result "0-1"]
[WhiteElo "2340"]
[BlackElo "2382"]
[PlyCount "116"]
[EventDate "2012.09.16"]
[EventType "team-tourn"]
[EventRounds "9"]
[EventCountry "GER"]
[SourceTitle "EXT 2017"]
[Source "ChessBase"]
[SourceDate "2016.10.25"]
[SourceVersion "1"]
[SourceVersionDate "2016.10.25"]
[SourceQuality "1"]
[WhiteTeam "Koeln Porz II"]
[BlackTeam "Aachen"]
[WhiteTeamCountry "GER"]
[BlackTeamCountry "GER"]

1. Nf3 Nf6 2. c4 e6 3. Nc3 Bb4 4. g3 0-0 5. Bg2 d5 6. d4 c5 7. 0-0 dxc4 8. dxc5 Nc6 9. Qc2 Bxc5 10. Ne4 Be7 11. Qxc4 e5 12. Nxf6+ Bxf6 13. Be3 Qa5 14. Nd2 Be6 15. Qc5 Qa6 16. a4 Qxe2 17. Qb5 Qxb5 18. axb5 Nd4 19. Bxd4 exd4 20. Bxb7 Rab8 21. Rxa7 d3 22. Bc6 Rfd8 23. b3 Bc3 24. Ne4 Bd4 25. Ra3 Bg4 26. b4 d2 27. Nxd2 Bb2 28. Nc4 Bxa3 29. Nxa3 Rd4 30. Nc2 Rd2 31. Ne3 Be2 32. Rc1 Kf8 33. Rc5 Rd4 34. Nc2 Rc4 35. Na3 Rxb4 36. Kg2 Rb3 37. Nc2 Bxb5 38. Bd5 Rd3 39. Ne3 Ba6 40. h4 g6 41. g4 Rb5 42. Rxb5 Bxb5 43. Kg3 h6 44. Be4 Rc3 45. Kf4 Bc6 46. Bc2 Ke7 47. Kg3 Kf6 48. Kf4 g5+ 49. hxg5+ hxg5+ 50. Kg3 Ke5 51. Bd1 Be4 52. Be2 Rc1 53. Nc4+ Kd4 54. Ne3 Kc3 55. Bc4 f6 56. Bf1 Kd2 57. Nc4+ Ke1 58. Ne3 Rb1 0-1

[Event "BL2-West 1112"]
[Site "Germany"]
[Date "2012.01.15"]
[Round "5.7"]
[White "Nagel, Bernhard"]
[Black "Malykin, Vitaly"]
[Result "0-1"]
[WhiteElo "2277"]
[BlackElo "2368"]
[PlyCount "76"]
[EventDate "2011.10.02"]
[EventType "team-tourn"]
[EventRounds "9"]
[EventCountry "GER"]
[SourceTitle "EXT 2015"]
[Source "ChessBase"]
[SourceDate "2014.11.20"]
[SourceVersion "1"]
[SourceVersionDate "2014.11.20"]
[SourceQuality "1"]
[WhiteTeam "Wiesbaden"]
[BlackTeam "Koeln Porz"]
[WhiteTeamCountry "GER"]
[BlackTeamCountry "GER"]

1. Nf3 d5 2. d4 c6 3. c4 Nf6 4. e3 e6 5. Nbd2 Nbd7 6. Bd3 b6 7. 0-0 Bb7 8. b3 Be7 9. Bb2 0-0 10. Ne5 c5 11. Qe2 Rc8 12. Rfd1 Rc7 13. Nxd7 Nxd7 14. Nf3 Bf6 15. Rac1 dxc4 16. Rxc4 Qa8 17. Ne1 Rfc8 18. Rdc1 h6 19. f3 e5 20. dxc5 Rxc5 21. Bf5 Rxc4 22. Rxc4 Rxc4 23. Qxc4 e4 24. Bxf6 Nxf6 25. f4 Qd8 26. Kf2 Qd2+ 27. Qe2 Qa5 28. Bh3 Nd5 29. g4 Ba6 30. Qb2 Nxe3 31. Qc1 Nd5 32. a3 e3+ 33. Kf3 Qd2 34. Qc6 Qd1+ 35. Ke4 Nf6+ 36. Kf5 Qxe1 37. g5 Qb1+ 38. Ke5 Qe4+ 0-1